01219nab a22002657a 4500003000400000005001700004008004100021040000700062100002700069245014300096260007200239300001300311500005100324505014400375505008900519650002400608650002200632650002800654650002000682650003400702650002600736650003300762650002100795773013700816OSt20260116213549.0190605e xxu||||| |||| 00| 0 spa d cPJ aElmelaj, María Laura10aElecciones sindicales en Argentina. La oposición del empleador condicionada por las causas y el procedimiento /cMaría Laura Elmelaj.  aCiudad Autónoma de Buenos Aires :bThomson Reuters La Ley,c2025. ap. 40-55 aCita Online: Cita: TR LALEY AR/DOC/2005/2025. aSumario: I. Introducción.— II. Las causas posibles.— III. Los procedimientos disponibles.— IV. Conclusiones.— V. Bibliografía.  t¿Te interesa el texto completo? Solicitalo al correo: koha@justierradelfuego.gov.ar 0aDERECHOS SINDICALES 0aLIBERTAD SINDICAL 0aASOCIACIONES SINDICALES 0aTUTELA SINDICAL 0aDERECHO COLECTIVO DEL TRABAJO 0aPROCEDIMIENTO LABORAL 0aPROCEDIMIENTO ADMINISTRATIVO 0aINTERES LEGITIMO0 02711dCiudad Autónoma de Buenos Aires : Thomson Reuters La Ley, 1999-2002.tRevista de derecho del trabajo. Nº 6 - Noviembre 2025